Zwierzęta po francusku - Statystyki

Ogólne statystyki
  • Ten quiz został rozwiązany 7 razy
  • Średni wynik to 22 z 50
Statystyki odpowiedzi
Polski Francuski % Poprawnych
kot chat
75%
pies chien
75%
gęś oie
75%
mysz souris
75%
orzeł aigle
50%
wielbłąd chameau
50%
koń cheval
50%
koza chèvre
50%
świnia cochon
50%
krokodyl crocodile
50%
słoń éléphant
50%
mrówka fourmi
50%
żyrafa girafe
50%
chomik hamster
50%
sowa hibou
50%
lama lama
50%
królik lapin
50%
lew lion
50%
wilk loup
50%
owca mouton
50%
ptak oiseau
50%
niedźwieź ours
50%
panda panda
50%
papuga perroquet
50%
foka phoque
50%
gołąb pigeon
50%
pingwin pingouin
50%
ryba poisson
50%
kura poule
50%
szczur rat
50%
lis renard
50%
tygrys tigre
50%
żółw tortue
50%
krowa vache
50%
zebra zèbre
50%
pszczoła abeille
25%
osioł âne
25%
struś autruche
25%
jeleń cerf
25%
bocian cigogne
25%
biedronka coccinelle
25%
dinozaur dinosaure
25%
smok dragon
25%
osa guêpe
25%
komar moustique
25%
motyl papillon
25%
renifer renne
25%
mewa mouette
0%
łoś orignal
0%
kaczka vache
0%
Nie znaleziono quizów pasujących do podanych kryteriów
Rozkład punktacji
Procent ludzi z każdym wynikiem
Percentyl według liczby udzielonych odpowiedzi
Twoja historia wyników
Nie rozwiązałeś tego quizu